Apartment & Villa : (Record no. 33383)

MARC details
000 -LEADER
fixed length control field 00418nam a22001577a 4500
005 - DATE AND TIME OF LATEST TRANSACTION
control field 20241125103709.0
008 - FIXED-LENGTH DATA ELEMENTS--GENERAL INFORMATION
fixed length control field 230901b |||||||| |||| 00| 0 eng d
020 ## - INTERNATIONAL STANDARD BOOK NUMBER
ISBN 9788977480933
082 ## - DEWEY DECIMAL CLASSIFICATION NUMBER
Classification number 643.2
Item number APA
245 ## - TITLE STATEMENT
Title Apartment & Villa :
Remainder of title Interior 1 & 2
260 ## - PUBLICATION, DISTRIBUTION, ETC.
Place of Publication Soul Korea :
Name of publisher, distributor, etc. Jeong,Ji-Seong ;
Date of publication, distribution, etc. 2003 .
300 ## - PHYSICAL DESCRIPTION
Pages 240 p . :
500 ## - GENERAL NOTE
General note Include index
650 ## - SUBJECT ADDED ENTRY--TOPICAL TERM
Subject / Department Architercture
300 ## - PHYSICAL DESCRIPTION
-- 28 cm
952 ## - LOCATION AND ITEM INFORMATION (KOHA)
-- 0
-- 0
Holdings
Lost status Damaged status Collection code Permanent Location Current Location Shelving Location Date acquired Full Call Number Accession No./Barcode Date last seen item type Koha item type
    Architecture Superior Information Resource Center (SIRC) Superior University- Main Campus Superior Information Resource Center (SIRC) Superior University- Main Campus Interior Architecture 09/01/2023 643.2 APA 2003 20303 09/01/2023 BOOK BOOK

Powered by Koha